The Home Crafts
| Main Author: | |
|---|---|
| Format: | Book |
| Published: |
London :
A Quintet Book ,
1986
|
| Subjects: |
MARC
| LEADER | 00000cam a2200000 7i4500 | ||
|---|---|---|---|
| 001 | 0000014367 | ||
| 002 | 000015732 | ||
| 005 | 20000330.0 | ||
| 020 | |a 1853481181 | ||
| 090 | 0 | 0 | |a 745.5 |b WIL |
| 100 | 1 | |a Williams, Judy | |
| 245 | 1 | 0 | |a The Home Crafts |c Judy Williams |
| 260 | |a London : |b A Quintet Book , |c 1986 | ||
| 300 | |a 127p. : |b ill. ; |c 22cm. | ||
| 650 | 0 | 0 | |a Handicraft |
| 999 | |a 015495 |b BUKU |c RUJUKAN |e PERPUSTAKAAN KOMUNITI PETALING JAYA | ||
| 999 | |a 015598 |b BUKU |c PINJAMAN |e PERPUSTAKAAN KOMUNITI PETALING JAYA | ||